[Event "Asia Nations Cup (Women) rapid"]
[Site "Hamedan"]
[Date "2018.07.27"]
[Round "7"]
[White "Kalvandi, Nashmil"]
[Black "Saduakassova, Dinara"]
[Result "0-1"]
[WhiteElo "1503"]
[BlackElo "2360"]
[PlyCount "60"]
[EventDate "2018.07.27"]
[EventType "team-tourn (rapid)"]
[EventRounds "7"]
[EventCountry "IRI"]
[SourceTitle "CBM 186 Extra"]
[Source "ChessBase"]
[SourceDate "2018.08.24"]
[SourceVersion "1"]
[SourceVersionDate "2018.08.24"]
[SourceQuality "1"]

1. c4 Nf6 2. d4 b6 3. Nc3 Bb7 4. Bf4 e6 5. e3 d6 6. Nf3 Be7 7. Be2 Nbd7 8. 0-0 Nh5 9. Bg3 f5 10. Nd2 Nxg3 11. hxg3 e5 12. d5 Nf6 13. e4 Bc8 14. exf5 Bxf5 15. Nf3 0-0 16. Rc1 Nd7 17. b4 a5 18. a3 Bg5 19. Nxg5 Qxg5 20. Bd3 Nf6 21. Qc2 Bxd3 22. Qxd3 Qh5 23. f3 Qg5 24. f4 Qh5 25. Qf3 Ng4 26. Rfd1 exf4 27. Rd4 Qh2+ 28. Kf1 fxg3 29. Rf4 Rxf4 30. Qxf4 Rf8 0-1

[Event "Asia Nations Cup (Women) rapid"]
[Site "Hamedan"]
[Date "2018.07.27"]
[Round "3"]
[White "Kurbonboeva, Sarvinoz"]
[Black "Kalvandi, Nashmil"]
[Result "1-0"]
[WhiteElo "2140"]
[BlackElo "1503"]
[PlyCount "95"]
[EventDate "2018.07.27"]
[EventType "team-tourn (rapid)"]
[EventRounds "7"]
[EventCountry "IRI"]
[SourceTitle "CBM 186 Extra"]
[Source "ChessBase"]
[SourceDate "2018.08.24"]
[SourceVersion "1"]
[SourceVersionDate "2018.08.24"]
[SourceQuality "1"]

1. d4 Nf6 2. c4 g6 3. Nc3 d5 4. cxd5 Nxd5 5. Bd2 Bg7 6. e4 Nxc3 7. Bxc3 c5 8. d5 Bxc3+ 9. bxc3 0-0 10. Qd2 Qd6 11. Bc4 Nd7 12. Nf3 Nb6 13. Be2 Rd8 14. 0-0 Bg4 15. Qe3 e6 16. dxe6 Bxe6 17. e5 Qe7 18. Ng5 Nd5 19. Qg3 Nxc3 20. Bf3 Nd5 21. Ne4 Rd7 22. Rac1 Rc8 23. Rfd1 c4 24. Rxd5 Rxd5 25. Nf6+ Kg7 26. Nxd5 Bxd5 27. Bxd5 b5 28. h4 a5 29. h5 Rc5 30. Qf3 Rc7 31. Qe3 h6 32. hxg6 fxg6 33. e6 Qf6 34. Re1 Re7 35. Qc5 c3 36. Qxb5 Rc7 37. Qxa5 Qe7 38. Bb3 Qd6 39. e7 Rxe7 40. Qxc3+ Kh7 41. Rxe7+ Qxe7 42. a4 h5 43. g3 Qe4 44. Qc4 Qe1+ 45. Kg2 Qe5 46. Qf7+ Kh6 47. Bc2 Qd6 48. Qf4+ 1-0

[Event "Asia Nations Cup (Women) rapid"]
[Site "Hamedan"]
[Date "2018.07.27"]
[Round "5"]
[White "Nguyen, Thi Mai Hung"]
[Black "Kalvandi, Nashmil"]
[Result "1-0"]
[WhiteElo "2278"]
[BlackElo "1503"]
[PlyCount "83"]
[EventDate "2018.07.27"]
[EventType "team-tourn (rapid)"]
[EventRounds "7"]
[EventCountry "IRI"]
[SourceTitle "CBM 186 Extra"]
[Source "ChessBase"]
[SourceDate "2018.08.24"]
[SourceVersion "1"]
[SourceVersionDate "2018.08.24"]
[SourceQuality "1"]

1. d4 Nf6 2. Nf3 g6 3. g3 Bg7 4. Bg2 0-0 5. 0-0 d5 6. c4 c6 7. Qb3 dxc4 8. Qxc4 Nbd7 9. Nc3 Nb6 10. Qd3 Re8 11. Rd1 Be6 12. e4 Bc4 13. Qc2 e6 14. b3 Ba6 15. Bb2 Qe7 16. a4 Rad8 17. Ba3 Qc7 18. e5 Nfd5 19. Ne4 Nc8 20. b4 Nce7 21. Rac1 Qd7 22. Nc5 Qc8 23. Nxa6 bxa6 24. Nd2 a5 25. bxa5 Qa6 26. Nc4 Nf5 27. Bf1 Qc8 28. g4 Nh6 29. Nd6 Rxd6 30. exd6 Qd8 31. Qxc6 Nxg4 32. d7 Rf8 33. Qd6 Nxf2 34. Kxf2 Qh4+ 35. Kg1 Bxd4+ 36. Kh1 Rd8 37. Rc8 Bg7 38. Rxd8+ Qxd8 39. Rc1 Nc3 40. Qe7 Bf6 41. Qxd8+ Bxd8 42. Rxc3 1-0

[Event "Hamedan 5th"]
[Site "Hamedan"]
[Date "2013.??.??"]
[Round "3.3"]
[White "Kalvandi, Nashmil"]
[Black "Ghazaghi, Parmida"]
[Result "0-1"]
[WhiteElo "1381"]
[BlackElo "1450"]
[PlyCount "66"]
[EventDate "2013.12.30"]
[EventType "tourn"]
[EventRounds "11"]
[EventCountry "IRI"]
[SourceTitle "EXT 2024"]
[Source "ChessBase"]
[SourceDate "2023.10.10"]
[SourceVersion "1"]
[SourceVersionDate "2023.10.10"]
[SourceQuality "1"]

1. e4 d5 2. exd5 Qxd5 3. Nc3 Qa5 4. Nf3 Bg4 5. Be2 c6 6. 0-0 Nf6 7. d4 e6 8. Bf4 Be7 9. Ne5 Bxe2 10. Qxe2 Nbd7 11. Nc4 Qd8 12. Nd6+ Bxd6 13. Bxd6 Qb6 14. Qd3 0-0-0 15. b4 a5 16. Rab1 Qa7 17. Qc4 Nb6 18. Qd3 Rxd6 19. b5 Rhd8 20. bxc6 bxc6 21. Rb2 Rxd4 22. Qe3 Nc4 23. Qf3 Nxb2 24. Qxc6+ Qc7 25. Qa6+ Kb8 26. Nb5 Qb7 27. Qxb7+ Kxb7 28. Nxd4 Rxd4 29. Rb1 Kc6 30. c3 Rd1+ 31. Rxd1 Nxd1 32. c4 Kc5 33. Kf1 Kxc4 0-1

[Event "Hamedan 5th"]
[Site "Hamedan"]
[Date "2013.??.??"]
[Round "9.2"]
[White "Shahabi, Milad"]
[Black "Kalvandi, Nashmil"]
[Result "1-0"]
[WhiteElo "1919"]
[BlackElo "1381"]
[PlyCount "49"]
[EventDate "2013.12.30"]
[EventType "tourn"]
[EventRounds "11"]
[EventCountry "IRI"]
[SourceTitle "EXT 2024"]
[Source "ChessBase"]
[SourceDate "2023.10.10"]
[SourceVersion "1"]
[SourceVersionDate "2023.10.10"]
[SourceQuality "1"]

1. e4 e5 2. Nf3 Nc6 3. Bc4 Bc5 4. Nc3 Nf6 5. d3 0-0 6. Bg5 d6 7. Nd5 Bg4 8. c3 Na5 9. b4 Nxc4 10. bxc5 Na5 11. h3 Bh5 12. g4 Bg6 13. h4 h6 14. Nxf6+ gxf6 15. Bxh6 Re8 16. h5 Bh7 17. g5 dxc5 18. Rg1 Kh8 19. g6 fxg6 20. hxg6 Bg8 21. g7+ Kh7 22. Ng5+ fxg5 23. Qh5 Be6 24. g8Q+ Rxg8 25. Bf8# 1-0